000
00338nam a2200145Ia 4500
008
230718s9999 xx 000 0 und d
041
_a
Eng.
082
_a
344
_b
QAZ-L
100
_a
Qazi, Nouman Shams
245
0
_a
Labour laws in Pakistan
260
_a
Pakistan
_b
Irfan law book
_c
2008
300
_a
3.35
650
_a
Law
999
_c
26913
_d
26913